|
|
|
|
| LEADER |
00000nab a2200000 a 4500 |
| 001 |
vtls000908447 |
| 003 |
SK-MaSNL |
| 005 |
20260303180908.0 |
| 008 |
040720e20020211xo 0 slo |
| 035 |
|
|
|a KE17380
|
| 040 |
|
|
|a KEVKJB
|b slo
|c KEVKJB
|e AACR2
|
| 041 |
0 |
|
|a slo
|
| 044 |
|
|
|a xo
|c SK
|
| 080 |
|
|
|a 654.1
|2 1981
|
| 100 |
0 |
|
|a pod
|4 aut
|9 872758
|
| 245 |
1 |
0 |
|a Volajte zdarma 0800 123 456
|b Otvorili Telefonické centrum služieb
|
| 610 |
2 |
7 |
|a Slovenské telekomunikácie, Košice
|b Oddelenie informácií
|2 KEVKJB
|9 1207393
|
| 610 |
2 |
7 |
|a Telefonické centrum služieb (Košice, Slovensko)
|2 KEVKJB
|9 1016366
|
| 650 |
0 |
7 |
|a telekomunikácia
|2 KEVKJB
|9 105923
|
| 650 |
0 |
7 |
|a otvorenie
|2 KEVKJB
|9 765696
|
| 650 |
0 |
7 |
|a informácie
|2 KEVKJB
|9 1285
|
| 651 |
|
7 |
|a Košice (Slovensko)
|2 KEVKJB
|9 18694
|
| 651 |
|
7 |
|a KE,
|2 KEVKJB
|9 877256
|
| 655 |
|
7 |
|a periodikum
|2 snkbucl
|9 29553
|
| 710 |
2 |
|
|a Slovenské telekomunikácie, Košice # Oddelenie informácií
|4 aut
|9 1207394
|
| 710 |
2 |
|
|a Telefonické centrum služieb (Košice, Slovensko)
|4 aut
|9 1016366
|
| 773 |
0 |
8 |
|t Košický večer
|g Roč. 13
|g Roč. 34, č.29, 11.2.2002, s. 3
|
| 852 |
|
|
|a ZVYKNI
|b KIS3GCP
|
| 999 |
|
|
|c 2107949
|d 2109879
|